Statistics for 川崎市の行政区(地図付き)

Click here to take the quiz!

General Stats

  • This quiz has been taken 176 times
  • The average score is 6 of 7

Answers on the Map

Answers color-coded by a green-red scale on the quiz's map according to % correct below.
 

Answer Stats

% Correct
川崎区
95%
幸区
84%
中原区
82%
麻生区
80%
高津区
79%
多摩区
78%
宮前区
74%

Score Distribution

Percentile by Number Answered

Percent of People with Each Score

Your Score History

You have not taken this quiz